| 000 | 00536nam a22001577a 4500 | ||
|---|---|---|---|
| 003 | NUST | ||
| 038 | _aNusrat Nadeem | ||
| 082 | _a200 | ||
| 100 |
_aSaleem, Rafia _9130643 |
||
| 245 |
_aEffectiveness of Technical and Vocational Education (TVET): An institutional case study/ _cRafia Saleem, |
||
| 264 |
_aIslamabad: _bS3H NUST. _c2025. |
||
| 650 |
_aMS-Career Counselling and Education _9125301 |
||
| 700 |
_aSupervisor: Dr. Siddrah Irfan _9123074 |
||
| 856 | _uhttp://10.250.8.41:8080/xmlui/handle/123456789/54885 | ||
| 942 |
_2ddc _cSC |
||
| 999 |
_c614824 _d614824 |
||